[Event "GER-ch Net Amateur Gr-A Vor2"]
[Site "Playchess.com INT"]
[Date "2020.04.15"]
[Round "2"]
[White "Jahnz, Fabian"]
[Black "Teloeken, Daniel"]
[Result "1-0"]
[WhiteElo "2016"]
[BlackElo "1825"]
[PlyCount "125"]
[EventDate "2020.04.15"]
[EventType "swiss (blitz)"]
[EventRounds "9"]
[EventCountry "GER"]
[SourceTitle "CBM 196 Extra"]
[Source "ChessBase"]
[SourceDate "2020.07.31"]
[SourceVersion "1"]
[SourceVersionDate "2020.07.31"]
[SourceQuality "1"]

1. e4 c5 2. Nf3 d6 3. Bb5+ Bd7 4. Bxd7+ Qxd7 5. 0-0 g6 6. Qe2 Nc6 7. c3 Bg7 8. Rd1 Nf6 9. d4 cxd4 10. cxd4 0-0 11. Nc3 Rfd8 12. h3 Rac8 13. Bg5 Ne8 14. Rac1 Na5 15. b4 Nc6 16. a3 f6 17. Be3 e6 18. d5 exd5 19. Nxd5 Ne7 20. Bxa7 Nxd5 21. exd5 Ra8 22. Bb6 Rdc8 23. Qe3 f5 24. Bd4 Nf6 25. Bb2 Re8 26. Qb6 Ra6 27. Qc7 Re2 28. Qxd7 Nxd7 29. Rc8+ Bf8 30. Bc1 Kg7 31. Nd4 Re5 32. Ne6+ Kf7 33. Rc7 Ke8 34. Rxd7 Kxd7 35. Nxf8+ Ke7 36. Nxh7 Rb6 37. Ng5 Rb5 38. Bb2 Rexd5 39. Re1+ Kd7 40. Bf6 Rd2 41. Re7+ Kc6 42. Nf3 Rd1+ 43. Kh2 Rbd5 44. Rg7 R5d3 45. Rxg6 Rxa3 46. Bg5 Ra4 47. Bd2 Rf1 48. Kg3 f4+ 49. Bxf4 Rxb4 50. Rxd6+ Kc5 51. Rg6 Rb2 52. Be5 Rbb1 53. Bd4+ Kc4 54. Be3 Kd3 55. Nd2 b5 56. Nxf1 Rxf1 57. Rb6 Rb1 58. h4 b4 59. h5 b3 60. h6 b2 61. Bg5 Kc2 62. Bf6 Rh1 63. Rxb2+ 1-0

[Event "GER-ch Net Amateur Gr-A Vor2"]
[Site "Playchess.com INT"]
[Date "2020.04.15"]
[Round "1"]
[White "Teloeken, Daniel"]
[Black "Kahlert, Thomas"]
[Result "1-0"]
[WhiteElo "1797"]
[BlackElo "2064"]
[PlyCount "57"]
[EventDate "2020.04.15"]
[EventType "swiss (blitz)"]
[EventRounds "9"]
[EventCountry "GER"]
[SourceTitle "CBM 196 Extra"]
[Source "ChessBase"]
[SourceDate "2020.07.31"]
[SourceVersion "1"]
[SourceVersionDate "2020.07.31"]
[SourceQuality "1"]

1. c4 e5 2. g3 Nc6 3. Bg2 g6 4. Nc3 Bg7 5. d3 d6 6. Rb1 a5 7. Nf3 f5 8. a3 Nf6 9. 0-0 0-0 10. b4 axb4 11. axb4 h6 12. Nd5 Be6 13. Qb3 Rb8 14. Bb2 Ne7 15. Nxf6+ Bxf6 16. Rfc1 Qd7 17. Qc2 Bg7 18. c5 g5 19. cxd6 cxd6 20. Qc7 Rfd8 21. b5 Nd5 22. Qxd7 Bxd7 23. Nxg5 hxg5 24. Bxd5+ Kf8 25. Rc7 Bxb5 26. Rf7+ Kg8 27. Rxf5+ Kh8 28. Rxg5 Bc6 29. Rh5+ 1-0

[Event "GER-ch Net Amateur Gr-A Vor1"]
[Site "Playchess.com INT"]
[Date "2020.04.14"]
[Round "5"]
[White "Ehrlich, Kay"]
[Black "Teloeken, Daniel"]
[Result "1-0"]
[WhiteElo "1658"]
[BlackElo "1755"]
[PlyCount "37"]
[EventDate "2020.04.14"]
[EventType "swiss (blitz)"]
[EventRounds "9"]
[EventCountry "GER"]
[SourceTitle "EXT 2021"]
[Source "ChessBase"]
[SourceDate "2020.10.23"]
[SourceVersion "1"]
[SourceVersionDate "2020.10.23"]
[SourceQuality "1"]

1. e4 c5 2. Nf3 d6 3. d4 cxd4 4. Nxd4 Nf6 5. Nc3 g6 6. Be3 Bg7 7. f3 0-0 8. g4 Nc6 9. Nb3 Bd7 10. Qd2 Rc8 11. h4 h5 12. gxh5 Nxh5 13. 0-0-0 Na5 14. Bh6 Nxb3+ 15. axb3 Qa5 16. Kb1 Rc6 17. Bxg7 Kxg7 18. Nd5 e6 19. Qxa5 1-0

[Event "GER-ch Net Amateur Gr-A Vor1"]
[Site "Playchess.com INT"]
[Date "2020.04.14"]
[Round "4"]
[White "Teloeken, Daniel"]
[Black "Trifan, Andrei Ioan"]
[Result "0-1"]
[WhiteElo "1765"]
[BlackElo "2089"]
[PlyCount "80"]
[EventDate "2020.04.14"]
[EventType "swiss (blitz)"]
[EventRounds "9"]
[EventCountry "GER"]
[SourceTitle "EXT 2021"]
[Source "ChessBase"]
[SourceDate "2020.10.23"]
[SourceVersion "1"]
[SourceVersionDate "2020.10.23"]
[SourceQuality "1"]

1. c4 g6 2. g3 Bg7 3. Bg2 e5 4. Nc3 d6 5. d3 f5 6. Rb1 Nf6 7. Nf3 0-0 8. 0-0 Nh5 9. Qc2 Nc6 10. b4 Be6 11. b5 Ne7 12. Bb2 c6 13. bxc6 bxc6 14. Ng5 Bd7 15. Ba3 h6 16. Nf3 Be6 17. Nd2 g5 18. Rb7 Rf7 19. Rfb1 Bf8 20. Qa4 a5 21. R7b6 Bd7 22. Qb3 Nc8 23. Rb8 Rxb8 24. Qxb8 g4 25. Qa8 f4 26. Bxc6 fxg3 27. hxg3 Nf4 28. gxf4 Qh4 29. Bxd7 g3 30. Qg2 Rg7 31. Be6+ Kh8 32. f3 Ne7 33. Bxd6 Ng6 34. e3 Bxd6 35. f5 Bc5 36. Re1 Nf4 37. Qh1 Qg5 38. d4 exd4 39. Nce4 dxe3 40. Nxg5 e2# 0-1

[Event "GER-ch Net Amateur Gr-A Vor1"]
[Site "Playchess.com INT"]
[Date "2020.04.14"]
[Round "1"]
[White "Wessendorf, Thomas"]
[Black "Teloeken, Daniel"]
[Result "1-0"]
[WhiteElo "2075"]
[BlackElo "1805"]
[PlyCount "59"]
[EventDate "2020.04.14"]
[EventType "swiss (blitz)"]
[EventRounds "9"]
[EventCountry "GER"]
[SourceTitle "EXT 2021"]
[Source "ChessBase"]
[SourceDate "2020.10.23"]
[SourceVersion "1"]
[SourceVersionDate "2020.10.23"]
[SourceQuality "1"]

1. e4 c5 2. Nf3 d6 3. d4 cxd4 4. Nxd4 Nf6 5. Nc3 g6 6. Be3 Bg7 7. f3 0-0 8. Qd2 Nc6 9. Bc4 Bd7 10. h4 h5 11. 0-0-0 Rc8 12. Bb3 a6 13. g4 b5 14. Nxc6 Bxc6 15. Bh6 b4 16. Bxg7 Kxg7 17. Nd5 Bxd5 18. Bxd5 a5 19. gxh5 Nxh5 20. Rhg1 Qc7 21. Kb1 Qd7 22. Qg5 Rh8 23. Bxf7 Kxf7 24. Qxg6+ Kf8 25. Rg5 Qc7 26. Rf5+ Nf6 27. Rxf6+ exf6 28. Qxf6+ Ke8 29. Qxh8+ Kd7 30. Qg7+ 1-0

[Event "NRW Class2 1718"]
[Site "Germany"]
[Date "2017.11.19"]
[Round "3.5"]
[White "Teloeken, Daniel"]
[Black "Rempe, Moritz"]
[Result "1-0"]
[WhiteElo "1979"]
[BlackElo "1998"]
[PlyCount "81"]
[EventDate "2017.09.17"]
[EventType "team-tourn"]
[EventRounds "9"]
[EventCountry "GER"]
[SourceTitle "EXT 2019"]
[Source "ChessBase"]
[SourceDate "2018.10.10"]
[SourceVersion "1"]
[SourceVersionDate "2018.10.10"]
[SourceQuality "1"]
[WhiteTeam "Suedlohn"]
[BlackTeam "Bochum SG II"]
[WhiteTeamCountry "GER"]
[BlackTeamCountry "GER"]

1. c4 e5 2. g3 Nc6 3. Bg2 Bc5 4. Nc3 a5 5. e3 d6 6. Nge2 Nge7 7. 0-0 0-0 8. a3 Bg4 9. f3 Bf5 10. d4 exd4 11. exd4 Ba7 12. Be3 Ne5 13. b3 c6 14. Qd2 Nd7 15. Ne4 Bb8 16. d5 Nb6 17. dxc6 bxc6 18. Rac1 a4 19. b4 Be6 20. Bxb6 Qxb6+ 21. Kh1 Qd8 22. Rfd1 d5 23. Nc5 Bd6 24. Nb7 Qd7 25. Nxd6 Qxd6 26. cxd5 cxd5 27. Rc5 Rfc8 28. Rdc1 Rd8 29. Nd4 Rac8 30. Qe2 Rxc5 31. bxc5 Qd7 32. c6 Qd6 33. Nb5 Qxc6 34. Rxc6 Nxc6 35. f4 Na5 36. f5 Bxf5 37. Bxd5 g6 38. Nc3 Nb3 39. Qe7 Rf8 40. Nxa4 Nd4 41. Nc5 1-0

[Event "Muensterland Regionalliga 1516"]
[Site "Germany"]
[Date "2015.09.05"]
[Round "1.8"]
[White "Keller, Dirk"]
[Black "Teloeken, Daniel"]
[Result "1-0"]
[WhiteElo "1887"]
[BlackElo "1833"]
[PlyCount "137"]
[EventDate "2015.09.05"]
[EventType "team"]
[EventRounds "9"]
[EventCountry "GER"]
[SourceTitle "EXT 2017"]
[Source "ChessBase"]
[SourceDate "2016.10.25"]
[SourceVersion "1"]
[SourceVersionDate "2016.10.25"]
[SourceQuality "1"]
[WhiteTeam "Nienberge"]
[BlackTeam "Suedlohn"]
[WhiteTeamCountry "GER"]
[BlackTeamCountry "GER"]

1. d4 d5 2. c4 e6 3. Nc3 c6 4. cxd5 exd5 5. Qc2 Nf6 6. Bg5 Be7 7. e3 b6 8. Nf3 Nbd7 9. Ne5 Nxe5 10. dxe5 Nd7 11. Bf4 Nc5 12. Bg3 0-0 13. Be2 f6 14. 0-0 fxe5 15. Bxe5 Bf5 16. Qd1 Nd7 17. Bg3 Nf6 18. Qa4 Qd7 19. Rfd1 Rad8 20. b4 Ne4 21. Nxe4 Bxe4 22. b5 c5 23. f3 Bg6 24. Rxd5 Qb7 25. Rxd8 Bxd8 26. e4 Bg5 27. Bc4+ Kh8 28. Bd5 Qe7 29. Qb3 Bf6 30. Rd1 Bd4+ 31. Kh1 h5 32. h4 Re8 33. Qc2 Rd8 34. Qb3 Bf6 35. Bc4 Bxh4 36. Rxd8+ Qxd8 37. Be5 Bf2 38. g3 Qd2 39. Qd3 Qe1+ 40. Qf1 Qe3 41. Qd1 Qg5 42. Bf4 Qe7 43. Qd5 Qe8 44. Kg2 Bd4 45. Qe6 Qxe6 46. Bxe6 Be8 47. a4 g6 48. Bb8 Bc3 49. Bxa7 Ba5 50. Bb8 Kg7 51. Be5+ Kf8 52. Bd6+ Kg7 53. Be5+ Kf8 54. Kf2 Ke7 55. Bd5 Bd7 56. Bf4 Bc3 57. Bc7 Ba5 58. Bf4 Bc3 59. Ke3 Bh3 60. Kd3 Bb4 61. Bg5+ Kf8 62. Ke3 Bc3 63. Bd8 Ba5 64. Bf6 Ke8 65. e5 Bc3 66. a5 bxa5 67. Bc6+ Bd7 68. Bxd7+ Kxd7 69. e6+ 1-0

[Event "Muensterland Verbandsklasse 1415"]
[Site "Germany"]
[Date "2014.10.04"]
[Round "2.1"]
[White "Teloeken, Daniel"]
[Black "Melkert, Tim"]
[Result "1-0"]
[WhiteElo "1877"]
[BlackElo "1944"]
[PlyCount "119"]
[EventDate "2014.09.13"]
[EventType "team-tourn"]
[EventRounds "9"]
[EventCountry "GER"]
[SourceTitle "EXT 2016"]
[Source "ChessBase"]
[SourceDate "2015.10.08"]
[SourceVersion "1"]
[SourceVersionDate "2015.10.08"]
[SourceQuality "1"]
[WhiteTeam "Suedlohn II"]
[BlackTeam "Nienberge II"]
[WhiteTeamCountry "GER"]
[BlackTeamCountry "GER"]

1. d4 e6 2. Nf3 Nf6 3. e3 d5 4. Bd3 c5 5. b3 Nc6 6. Bb2 Qc7 7. 0-0 cxd4 8. exd4 Nb4 9. a3 Nxd3 10. Qxd3 Bd6 11. Nbd2 0-0 12. c4 Qe7 13. c5 Bc7 14. b4 Bd7 15. a4 a6 16. Rfc1 Rfc8 17. Ne5 Qe8 18. Nxd7 Qxd7 19. Rc2 Qd8 20. Nf1 Ng4 21. h3 Nh6 22. Rb1 Qg5 23. Bc1 Qg6 24. Qxg6 hxg6 25. Bxh6 gxh6 26. Rd1 f6 27. g3 Kf7 28. Ne3 b5 29. axb5 axb5 30. Rd3 Ra4 31. Rb3 Ke7 32. Kg2 Rca8 33. Re2 Kf7 34. Reb2 Ra2 35. Rxa2 Rxa2 36. Nd1 Rd2 37. Nc3 Rd3 38. Ra3 Bd8 39. Nxb5 Rxa3 40. Nxa3 Ke7 41. f4 Kd7 42. Kf3 h5 43. Ke3 g5 44. Nb5 g4 45. hxg4 hxg4 46. Nc3 Bc7 47. Kd3 Bb8 48. Kc2 e5 49. Nxd5 Ke6 50. Nxf6 exf4 51. Nxg4 fxg3 52. Ne3 Kd7 53. Kd3 Kc6 54. Kc4 Bf4 55. b5+ Kd7 56. Ng2 Bb8 57. b6 Kc8 58. Kb5 Kb7 59. c6+ Kc8 60. c7 1-0

[Event "Muensterland Verbandsklasse 1314"]
[Site "Germany"]
[Date "2013.11.23"]
[Round "3.2"]
[White "Jansen, Dirk Norbert"]
[Black "Teloeken, Daniel"]
[Result "1/2-1/2"]
[WhiteElo "1875"]
[BlackElo "1806"]
[PlyCount "92"]
[EventDate "2013.09.21"]
[EventType "team-tourn"]
[EventRounds "9"]
[EventCountry "GER"]
[SourceTitle "EXT 2015"]
[Source "ChessBase"]
[SourceDate "2014.11.20"]
[SourceVersion "1"]
[SourceVersionDate "2014.11.20"]
[SourceQuality "1"]
[WhiteTeam "Muenster SK IV"]
[BlackTeam "Suedlohn II"]
[WhiteTeamCountry "GER"]
[BlackTeamCountry "GER"]

1. Nf3 d5 2. c4 e6 3. g3 Nf6 4. Bg2 Be7 5. 0-0 0-0 6. b3 c5 7. e3 Nc6 8. Bb2 b6 9. Nc3 Ba6 10. d3 Rc8 11. Qe2 Qc7 12. Nb5 Qb8 13. e4 Rfd8 14. exd5 exd5 15. Ne5 Bxb5 16. cxb5 Nxe5 17. Bxe5 Qb7 18. Rfe1 Qd7 19. a4 Re8 20. Qb2 Nh5 21. Bf3 Nf6 22. Re2 Qf5 23. Bg2 Red8 24. Rae1 Bd6 25. d4 h6 26. dxc5 Bxc5 27. b4 Bf8 28. a5 Rc4 29. axb6 axb6 30. Bxf6 gxf6 31. Rd1 Rxb4 32. Qc2 Qxc2 33. Rxc2 Rxb5 34. Rcd2 Bc5 35. Bxd5 Kg7 36. Kg2 Bb4 37. Rb2 Rdxd5 38. Rxd5 Rxd5 39. Rxb4 b5 40. Kf3 Re5 41. Kg4 Kg6 42. f4 f5+ 43. Kh4 Rd5 44. Rb2 h5 45. Rb4 Kf6 46. Rb2 Kg6 1/2-1/2

[Event "Muensterland Verbandsklasse-B 0910"]
[Site "Germany"]
[Date "2010.02.20"]
[Round "7.8"]
[White "Teloeken, Daniel"]
[Black "Herzig, Martin"]
[Result "0-1"]
[WhiteElo "1316"]
[BlackElo "1376"]
[PlyCount "110"]
[EventDate "2009.09.19"]
[EventType "team-tourn"]
[EventRounds "9"]
[EventCountry "GER"]
[SourceTitle "EXT 2011"]
[Source "ChessBase"]
[SourceDate "2010.11.26"]
[SourceVersion "1"]
[SourceVersionDate "2010.11.26"]
[SourceQuality "1"]
[WhiteTeam "Suedlohn II"]
[BlackTeam "Telgte"]
[WhiteTeamCountry "GER"]
[BlackTeamCountry "GER"]

1. c4 Nf6 2. Nc3 g6 3. g3 Bg7 4. Bg2 c6 5. e3 0-0 6. Nge2 d5 7. cxd5 Nxd5 8. 0-0 Bg4 9. d4 Na6 10. h3 Bf5 11. e4 Nxc3 12. bxc3 Bc8 13. Bf4 Nc7 14. Qd2 Ne6 15. Bh6 Re8 16. Bxg7 Nxg7 17. e5 Be6 18. Rac1 Bc4 19. Rfe1 Bd5 20. c4 Bxg2 21. Kxg2 e6 22. Nc3 Nf5 23. d5 cxd5 24. cxd5 Rc8 25. d6 Qd7 26. Ne4 Kg7 27. Nf6 Qa4 28. Nxe8+ Rxe8 29. d7 Rd8 30. Rcd1 h6 31. f3 g5 32. Re4 Qc6 33. Qd3 Ne7 34. Rc4 Qb6 35. Rb1 Qa5 36. a4 Nd5 37. Rxb7 Qa6 38. Rb3 Rxd7 39. Rd4 Qc6 40. Qc4 Qa8 41. h4 Rc7 42. Qd3 Qc8 43. Qe2 gxh4 44. Rbd3 Rc2 45. Rd2 Rc3 46. gxh4 Re3 47. Qc4 Qb8 48. Re4 Rc3 49. Qe2 Qc8 50. f4 Qc5 51. Kh2 Ne3 52. Rdd4 Rc2 53. Rd2 Rxd2 54. Rxe3 Rxe2+ 55. Rxe2 Qc4 0-1

[Event "NRW-ch U12"]
[Site "Kranenburg"]
[Date "2008.03.29"]
[Round "7"]
[White "Teloeken, Daniel"]
[Black "Holtel, Jasper"]
[Result "0-1"]
[WhiteElo "870"]
[BlackElo "1306"]
[PlyCount "116"]
[EventDate "2008.03.24"]
[EventType "swiss"]
[EventRounds "7"]
[EventCountry "GER"]
[SourceTitle "EXT 2009"]
[Source "ChessBase"]
[SourceDate "2008.11.26"]
[SourceVersion "1"]
[SourceVersionDate "2008.11.26"]
[SourceQuality "1"]

1. c4 c5 2. Nc3 Nc6 3. g3 Nf6 4. Nf3 d6 5. Bg2 g6 6. 0-0 Bg7 7. d3 0-0 8. b3 a6 9. Bb2 Bg4 10. h3 Bd7 11. Rc1 Rb8 12. a4 Qc8 13. Kh2 b6 14. Qc2 Ne8 15. Rfd1 Nc7 16. Nd5 Nxd5 17. Bxg7 Kxg7 18. cxd5 Nb4 19. Qc4 b5 20. axb5 axb5 21. Qe4 Re8 22. Nd4 Qd8 23. Nc6 Nxc6 24. dxc6 Bf5 25. Qf3 Qc7 26. d4 cxd4 27. Rxd4 Rb6 28. Rc3 e5 29. Rd1 e4 30. Qe3 Rxc6 31. Qd4+ Kg8 32. Rxc6 Qxc6 33. Qxd6 Qxd6 34. Rxd6 e3 35. f3 Bc2 36. b4 Rc8 37. Rb6 Ba4 38. f4 Rc4 39. Bc6 Rxb4 40. Kg2 Bd1 41. Rxb5 Rd4 42. Rd5 Rxd5 43. Bxd5 Bxe2 44. Bf3 Bd3 45. h4 Kg7 46. Bg4 f5 47. Bh3 Be2 48. Kg1 Kf6 49. Bf1 Bf3 50. Bg2 e2 51. Kf2 Bxg2 52. Kxe2 Be4 53. Ke3 Kg7 54. Kf2 Kh6 55. Kf1 Kh5 56. Kg1 Kg4 57. Kf2 Bb7 58. Kg1 Kxg3 0-1

[Event "NRW-ch U12"]
[Site "Kranenburg"]
[Date "2008.03.24"]
[Round "1"]
[White "Hecht, Carsten"]
[Black "Teloeken, Daniel"]
[Result "1-0"]
[WhiteElo "1304"]
[BlackElo "870"]
[PlyCount "109"]
[EventDate "2008.03.24"]
[EventType "swiss"]
[EventRounds "7"]
[EventCountry "GER"]
[SourceTitle "EXT 2009"]
[Source "ChessBase"]
[SourceDate "2008.11.26"]
[SourceVersion "1"]
[SourceVersionDate "2008.11.26"]
[SourceQuality "1"]

1. e4 c5 2. Nf3 d6 3. d4 cxd4 4. Nxd4 Nc6 5. Nxc6 bxc6 6. Nc3 g6 7. Bc4 Bg7 8. 0-0 Nf6 9. Re1 0-0 10. Be3 Qc7 11. Qd2 Ng4 12. Bf4 Bd7 13. h3 Ne5 14. Bb3 c5 15. Nd5 Qd8 16. Bg5 Nc6 17. Ba4 f6 18. Bh6 Rf7 19. Bb3 e6 20. Bxg7 Kxg7 21. Nc3 Qe7 22. Nb5 Ne5 23. Nxd6 Rff8 24. Rad1 Rad8 25. f4 Nf7 26. Nb7 Bc6 27. Nxd8 Rxd8 28. Qa5 Rxd1 29. Rxd1 Bxe4 30. Re1 Bf5 31. g4 c4 32. Ba4 Bxc2 33. Bxc2 a6 34. Qb6 Nd8 35. f5 Kf7 36. fxe6+ Nxe6 37. Be4 Qd7 38. Qb7 Qxb7 39. Bxb7 Ng5 40. Kh2 f5 41. h4 Kf6 42. hxg5+ Kxg5 43. gxf5 gxf5 44. Bxa6 f4 45. Bxc4 Kg4 46. Rf1 f3 47. Bd5 Kf4 48. Bxf3 Ke5 49. Rd1 h5 50. a4 h4 51. a5 h3 52. a6 Kf4 53. a7 Ke3 54. a8Q Kf2 55. Bh1 1-0